| 000 | 00000nam##2200000za#4500 |
| 001 | 9.597729 |
| 003 | CaOODSP |
| 005 | 20210624204205 |
| 007 | cr ||||||||||| |
| 008 | 150406|2003||||xxc|||||o f|0| 0 fre|d |
| 040 | |aCaOODSP|bfre |
| 043 | |an-cn--- |
| 086 | 1 |aTU3-5/03-27F-PDF |
| 110 | 2 |aBureau de la sécurité des transports du Canada. |
| 245 | 10|aCollision avec le relief du Cessna 172M C-GDPD exploité par Pacific Professional Visual Flight Training Ltd. à environ 24 nm au nord-nord-ouest de Harrison Hot Springs (Colombie-Britannique) le 18 juillet 2003 |h[ressource électronique] |
| 260 | |aGatineau - Québec : |bBureau de la sécurité des transports du Canada |c[2004]. |
| 300 | |a8p.|bphotographies |
| 490 | 1 |aRapport d'enquête aéronautique |vA03P0199 |
| 590 | |a11-32-Supp|b2011-12-20 |
| 775 | 08|tCollision with terrain - Pacific Professional Visual Flight Training Ltd. Cessna 172M C-GDPD approximately 24 nm NNW of Harrison Hot Springs, British Columbia, 18 July 2003 |w(CaOODSP)9.566262 |
| 830 | #0|aRapport d'enquête aéronautique ;|vA03P0199|w(CaOODSP)9.501229 |
| 856 | 40|ahttp://publications.gc.ca|qPDF|s346 Ko|uhttps://publications.gc.ca/collections/collection_2009/bst-tsb/TU3-5-03-27F.pdf|yA03P0199 |